zpět

Detail výsledku týmu

Zkouška, Olomouc

Datum a čas kvízu

28.5 Celkem bodů Celkový počet nahraných bodů na tomto kvízu bez doplňovacích otázek.
2. Pořadí na kvízu Konečné umístění týmu na tomto kvízu.

Zaznamenané odpovědi

# Otázka Odpověď Body Výsledky
1. Policejní prezident Tomáš Tuhý... 1
2. Ve středu byla odhalena nejvyš... 1
3. Někteří rockoví dinosauři žijí... 0
4. Americká společnost IBM minulý... 0
5. Jedna z největších legend svéh... 1
6. Pokud jste na titulní otázku o... 0
7. Americký herec Tobin Bell byl... 1
5. Příběh thrilleru s prvky horor... 0
5. Filmová série Resident Evil je... 0
10. Shaun je hospodský povaleč, co... 0